Library of the University of Algiers 3
Ibrahim Sultan Cheibout
شعار جامعة الجزائر 3
مكتبة جامعة الجزائر 3
إبراهيم سلطان شيبوط

العولمة والتنمية البشرية المستدامة في الوطن العربي / (رقم التسجيلة. 41880)

تفاصيل مارك
000 -LEADER
fixed length control field 02887nam a2200253Ia 4500
003 - CONTROL NUMBER IDENTIFIER
control field Ost
005 - DATE AND TIME OF LATEST TRANSACTION
control field 20260507074935.0
008 - FIXED-LENGTH DATA ELEMENTS--GENERAL INFORMATION
fixed length control field 260507s9999||||xx |||||||||||||| ||und||
020 ## - INTERNATIONAL STANDARD BOOK NUMBER
International Standard Book Number 9957478729
040 ## - CATALOGING SOURCE
Transcribing agency fsecg
041 ## - LANGUAGE CODE
Language code of text/sound track or separate title ara
082 ## - DEWEY DECIMAL CLASSIFICATION NUMBER
Classification number 338.956
100 ## - MAIN ENTRY--PERSONAL NAME
Personal name التميمي، رعد سامي عبد الرزاق
Relator term مؤلف
245 #0 - TITLE STATEMENT
Title العولمة والتنمية البشرية المستدامة في الوطن العربي /
Statement of responsibility, etc. رعد سامي عبد الرزاق التميمي
250 ## - EDITION STATEMENT
Edition statement طبعة 1
260 ## - PUBLICATION, DISTRIBUTION, ETC.
Place of publication, distribution, etc. عمان:
Name of publisher, distributor, etc. دار دجلة,
Date of publication, distribution, etc. 2008
300 ## - PHYSICAL DESCRIPTION
Extent 285 صفحة؛
Other physical details إيضاحات ؛
Dimensions 24 سم
504 ## - BIBLIOGRAPHY, ETC. NOTE
Bibliography, etc. note بيبليوغرافيا ص.260-284
520 ## - SUMMARY, ETC.
Summary, etc. المحتويات : المقدمة-الفصل الأول : العولمة والتنمية البشرية المستدامة : العولمة والتنمية البشرية : مفهوم العولمة : المفهوم الاقتصادى للعولمة : العولمة والامركة : الجذور التأريخية للعولمة : تطور التنمية البشرية : التنمية البشرية فى الخمسينيات : التنمية البشرية فى الستينيات : التنمية البشرية المستدامة : مفهوم التنمية البشرية المستدامة : مقاييس التنمية البشرية المستدامة : دليل التنمية البشرية (HDI) : التنمية الانسانية ومقاييسها : التنمية الانسانية : مقاييس تقرير التنمية الانسانية العربية-الفصل الثانى : واقع التنمية البشرية فى الوطن العربى : الواقع السياسى والعسكرى : انظمة الحكم وقضية الديموقراطية : الدساتير العربية وقضايا حقوق الانسان : الصراع والنزاعات العسكرية : الصراع العربى-الإسرائيلى : الواقع الاجتماعى : الواقع التعليمى : الواقع البيئى-الفصل الثالث : إنعكاسات العولمة على التنمية البشرية المستدامة فى الوطن العربى : الانعكاسات السياسية والعسكرية : الديموقراطية والتعددية السياسية : الحكم الصالح : عالمية حقوق الانسان : الارهاب الدولى : الانعكاسات الاجتماعية : الانعكاسات الاقتصادية : الشركات متعددة الجنسية : صندوق النقد والبنك الدوليين : منظمة التجارة العالمية : عولمة التجارة : التجارة العربية البينية : التجارة الالكترونية.
653 ## - INDEX TERM--UNCONTROLLED
Uncontrolled term اقتصاد الدولي
653 ## - INDEX TERM--UNCONTROLLED
Uncontrolled term بلدان عربية
653 ## - INDEX TERM--UNCONTROLLED
Uncontrolled term عولمة
942 ## - ADDED ENTRY ELEMENTS (KOHA)
Koha item type كتب
المقتنيات
Withdrawn status Lost status Source of classification or shelving scheme Damaged status Not for loan Home library Current library Date acquired Serial enumeration / chronology Inventory number Total checkouts Full call number Barcode Date last seen Price effective from Koha item type
    Dewey Decimal Classification   NOT LOAN / إعارة داخلية مكتبة كلية العلوم الإقتصادية والعلوم التجارية وعلوم التسيير مكتبة كلية العلوم الإقتصادية والعلوم التجارية وعلوم التسيير 07/05/2026 الطابق الأرضي 3033   أ/2720ن1 3033 07/05/2026 07/05/2026 كتب
    Dewey Decimal Classification   Available مكتبة كلية العلوم الإقتصادية والعلوم التجارية وعلوم التسيير مكتبة كلية العلوم الإقتصادية والعلوم التجارية وعلوم التسيير 07/05/2026 الطابق الأرضي 3034   أ/2720ن2 3034 07/05/2026 07/05/2026 كتب
    Dewey Decimal Classification   Available مكتبة كلية العلوم الإقتصادية والعلوم التجارية وعلوم التسيير مكتبة كلية العلوم الإقتصادية والعلوم التجارية وعلوم التسيير 07/05/2026 الطابق الأرضي 3035   أ/2720ن3 3035 07/05/2026 07/05/2026 كتب
    Dewey Decimal Classification   Available مكتبة كلية العلوم الإقتصادية والعلوم التجارية وعلوم التسيير مكتبة كلية العلوم الإقتصادية والعلوم التجارية وعلوم التسيير 07/05/2026 الطابق الثاني 3036   أ/2720ن4 3036 07/05/2026 07/05/2026 كتب
    Dewey Decimal Classification   Available مكتبة كلية العلوم الإقتصادية والعلوم التجارية وعلوم التسيير مكتبة كلية العلوم الإقتصادية والعلوم التجارية وعلوم التسيير 07/05/2026 الطابق الثاني 3037   أ/2720ن5 3037 07/05/2026 07/05/2026 كتب
    Dewey Decimal Classification   Available مكتبة كلية العلوم الإقتصادية والعلوم التجارية وعلوم التسيير مكتبة كلية العلوم الإقتصادية والعلوم التجارية وعلوم التسيير 07/05/2026 مكتبة بن عكنون 3038   أ/2720ن6 3038 07/05/2026 07/05/2026 كتب
    Dewey Decimal Classification   Available مكتبة كلية العلوم الإقتصادية والعلوم التجارية وعلوم التسيير مكتبة كلية العلوم الإقتصادية والعلوم التجارية وعلوم التسيير 07/05/2026 مكتبة بن عكنون 3039   أ/2720ن7 3039 07/05/2026 07/05/2026 كتب

موارد الويب المفتوحة


© University of Algiers 3 All Rights Reserved
|
Implemented by LECHELAH Riad